000 00279nam a22000977a 4500
999 _c11320
_d11320
008 190219b ||||| |||| 00| 0 eng d
020 _a1871228026
100 _aBaalpe
_97061
245 _aTeaching and learning Strategies in Physical Education
260 _aGreat Britian
_bBaalpe
_c1989